Fast Typing Z-A - Statistics

General Stats
  • This quiz has been taken 36 times
  • The average score is 17 of 26
Answer Stats
Answer % Correct
Z
100%
Y
95%
U
90%
W
90%
X
90%
V
86%
S
81%
T
81%
O
76%
P
76%
Q
76%
R
76%
L
67%
M
67%
N
67%
K
57%
J
52%
I
43%
A
38%
D
38%
E
38%
F
38%
G
38%
H
38%
B
33%
C
33%
No matching quizzes found
Score Distribution
Percent of People with Each Score
Percentile by Number Answered
Your Score History
You have not taken this quiz